000 00742nam a2200241Ia 4500
003 OSt
005 20220923220621.0
006 a|||||r|||| 00| 0
007 ta
008 220922b |||||||| |||| 00| 0 hin d
024 _a187,937
037 _cTextual
040 _aARTS
_cARTS
_bhin
041 _2hin
_ahin
082 _aV237:1:N5, 152L0
100 _aशर्मा, यादवेन्द्र चन्द्र
_9158326
245 0 _aराजस्थान
246 _aRājasthāna
260 _c1970
490 _aभारत दर्शन माला; 9
942 _hV237:1:N5, 152L0
_cTEXL
_2CC
999 _c341013
_d341013